| 000 -LEADER |
| fixed length control field |
01657pab a2200169 454500 |
| 008 - FIXED-LENGTH DATA ELEMENTS--GENERAL INFORMATION |
| fixed length control field |
180718b2015 xxu||||| |||| 00| 0 eng d |
| 100 ## - MAIN ENTRY--PERSONAL NAME |
| Personal name |
Caillier, James Gerard |
| 245 ## - TITLE STATEMENT |
| Title |
Transformational leadership and whistle-blowing attitudes: is this relationship mediated by organizational commitment and public service motivation? |
| 260 ## - PUBLICATION, DISTRIBUTION, ETC. |
| Date of publication, distribution, etc. |
2015 |
| 300 ## - PHYSICAL DESCRIPTION |
| Extent |
p.458-475. |
| 362 ## - DATES OF PUBLICATION AND/OR SEQUENTIAL DESIGNATION |
| Dates of publication and/or sequential designation |
Jul |
| 520 ## - SUMMARY, ETC. |
| Summary, etc. |
Although transformational leadership and whistle-blowing have been extensively examined, only one article was found to explore the relationship between these factors. This is despite research suggesting a connection between leadership practices and whistle-blowing attitudes. This article built on and extended leadership and whistle-blowing theories by investigating the relationship between transformational leadership and whistle-blowing attitudes, as well as how this association might be mediated by public service motivation (PSM) and organizational commitment. Furthermore, the examination was conducted on local, state, and federal government employees in the United States. The findings indicated that transformational leadership had a direct, positive impact on whistle-blowing attitudes, as well as an indirect one through organizational commitment. In addition, PSM had an indirect effect on whistle-blowing attitudes through organizational commitment. On the other hand, PSM was not found to mediate the relationship between transformational leadership and attitudes concerning blowing the whistle. - Reproduced. |
| 650 ## - SUBJECT ADDED ENTRY--TOPICAL TERM |
| Topical term or geographic name entry element |
Motivation |
| 650 ## - SUBJECT ADDED ENTRY--TOPICAL TERM |
| Topical term or geographic name entry element |
Leadership |
| 773 ## - HOST ITEM ENTRY |
| Main entry heading |
American Review of Public Administration |
| 909 ## - |
| -- |
109088 |